000 00606nam a22002057a 4500
003 OSt
005 20210415120454.0
008 210227s1965 ||||| |||| 00| 0 eng d
040 _aeng
_beng
_cDLC
041 _aeng
080 _a821.111
_bH-15
100 _9476
_aHaggard, William
245 _aThe Antagonists
_c/ by: A Signet Book, The New American Library
260 _aNew York
_bA Signet Book, The New American Library
_c1965
300 _a127 p.
365 _b0.5 usd
650 0 _9254
_aEnglish literature
653 _aინგლისური ლიტერატურა
942 _2udc
_cBK
999 _c2092
_d2092